[Event "Campeonato España Sub 10"]
[Site "Salobreña"]
[Date "2017.07.05"]
[Round "4"]
[White "Ano Pla, Gerard"]
[Black "Herranz Suarez, David"]
[Result "1-0"]
[Board "2"]
[WhiteClock "1:30"]
[WhiteElo "1741"]
[WhiteCountry "ESP"]
[WhiteFideId "24560561"]
[WhiteEloChange "4"]
[BlackClock "1:30"]
[BlackElo "1502"]
[BlackCountry "ESP"]
[BlackFideId "24591211"]
[BlackEloChange "-4"]

1. d4 {[%clk 1:30:00]} d5 {[%clk 1:30:00]} 2. e3 {[%clk 1:29:00]} Bf5 {[%clk
1:31:00]} 3. Nf3 {[%clk 1:27:00]} e6 {[%clk 1:30:00]} 4. Nbd2 {[%clk 1:25:00]}
Nd7 {[%clk 1:29:00]} 5. b3 {[%clk 1:21:00]} Bd6 {[%clk 1:28:00]} 6. Bb2 {[%clk
1:21:00]} Ngf6 {[%clk 1:24:00]} 7. Be2 {[%clk 1:21:00]} h6 {[%clk 1:24:00]} 8.
O-O {[%clk 1:19:00]} O-O {[%clk 1:24:00]} 9. c4 {[%clk 1:18:00]} c6 {[%clk
1:24:00]} 10. Ne5 {[%clk 1:14:00]} Qc7 {[%clk 1:21:00]} 11. Ndf3 {[%clk 1:10:00]}
Ne4 {[%clk 1:19:00]} 12. Rc1 {[%clk 1:04:00]} Ndf6 {[%clk 1:15:00]} 13. c5 {[%clk
0:58:00]} Be7 {[%clk 1:15:00]} 14. b4 {[%clk 0:56:00]} a6 {[%clk 1:09:00]} 15.
Ne1 {[%clk 0:53:00]} Qc8 {[%clk 1:09:00]} 16. f3 {[%clk 0:52:00]} Ng5 {[%clk
1:08:00]} 17. Bd3 {[%clk 0:51:00]} Bh7 {[%clk 1:04:00]} 18. Bxh7+ {[%clk
0:46:00]} Ngxh7 {[%clk 1:04:00]} 19. N1d3 {[%clk 0:46:00]} Ne8 {[%clk 1:04:00]}
20. a4 {[%clk 0:45:00]} Nc7 {[%clk 1:02:00]} 21. a5 {[%clk 0:40:00]} Nb5 {[%clk
1:02:00]} 22. Ba1 {[%clk 0:39:00]} f6 {[%clk 0:59:00]} 23. Ng6 {[%clk 0:38:00]}
Re8 {[%clk 1:00:00]} 24. Nxe7+ {[%clk 0:37:00]} Rxe7 {[%clk 1:00:00]} 25. f4
{[%clk 0:36:00]} Qe8 {[%clk 1:00:00]} 26. Qd2 {[%clk 0:35:00]} Nf8 {[%clk
1:00:00]} 27. Rf3 {[%clk 0:34:00]} Nd7 {[%clk 1:00:00]} 28. Rg3 {[%clk 0:33:00]}
Qh5 {[%clk 0:58:00]} 29. Bb2 {[%clk 0:32:00]} f5 {[%clk 0:57:00]} 30. Rh3 {[%clk
0:30:00]} Qe8 {[%clk 0:56:00]} 31. Ne5 {[%clk 0:29:00]} Nf6 {[%clk 0:57:00]} 32.
Qe1 {[%clk 0:28:00]} Ne4 {[%clk 0:55:00]} 33. Qh4 {[%clk 0:27:00]} Nc7 {[%clk
0:54:00]} 34. g4 {[%clk 0:27:00]} fxg4 {[%clk 0:53:00]} 35. Qxg4 {[%clk 0:26:00]}
Nf6 {[%clk 0:53:00]} 36. Qg2 {[%clk 0:26:00]} Kh7 {[%clk 0:52:00]} 37. Kh1 {[%clk
0:25:00]} Nd7 {[%clk 0:52:00]} 38. Qc2+ {[%clk 0:25:00]} Kh8 {[%clk 0:52:00]} 39.
Ng6+ {[%clk 0:25:00]} Kg8 {[%clk 0:52:00]} 40. Nxe7+ {[%clk 0:26:00]} Qxe7 {[%clk
0:52:00]} 41. Rg1 {[%clk 0:26:00]} Qf6 {[%clk 0:52:00]} 42. Rg6 {[%clk 0:24:00]}
Qf7 {[%clk 0:52:00]} 43. Rhg3 {[%clk 0:23:00]} Ne8 {[%clk 0:52:00]} 44. Rxh6
{[%clk 0:22:00]} Ndf6 {[%clk 0:51:00]} 45. Qg2 {[%clk 0:20:00]} Ne4 {[%clk
0:51:00]} 46. Rgg6 {[%clk 0:19:00]} Nc7 {[%clk 0:51:00]} 47. Kg1 {[%clk 0:17:22]}
Rd8 {[%clk 0:51:00]} 48. Qh3 {[%clk 0:16:25]} Kf8 {[%clk 0:51:00]} 49. Rh8+
{[%clk 0:15:58]} Ke7 {[%clk 0:51:00]} 50. Rg2 {[%clk 0:12:38]} Ne8 {[%clk
0:49:00]} 51. Qh4+ {[%clk 0:10:43]} N4f6 {[%clk 0:49:00]} 52. Qh3 {[%clk
0:08:52]} Rd7 {[%clk 0:49:00]} 53. Rh4 {[%clk 0:08:06]} Rd8 {[%clk 0:49:00]} 54.
f5 {[%clk 0:08:02]} Nc7 {[%clk 0:49:00]} 55. Rf4 {[%clk 0:07:19]} Rg8 {[%clk
0:49:00]} 56. Rf1 {[%clk 0:07:31]} Nfe8 {[%clk 0:49:00]} 57. Rgf2 {[%clk
0:07:04]} Qf6 {[%clk 0:49:00]} 58. Kh1 {[%clk 0:07:04]} Qg5 {[%clk 0:47:00]} 59.
fxe6 {[%clk 0:06:52]} Nxe6 {[%clk 0:47:00]} 60. Rf7+ {[%clk 0:07:09]} Kd8 {[%clk
0:48:00]} 61. Qxe6 {[%clk 0:07:09]} 1-0

[Event "Campeonato España Sub 10"]
[Site "Salobreña"]
[Date "2017.07.05"]
[Round "4"]
[White "Del Prado Rodriguez, Xulio"]
[Black "Andres Iniguez, Iker"]
[Result "0-1"]
[Board "3"]
[WhiteClock "1:30"]
[WhiteElo "1444"]
[WhiteCountry "ESP"]
[WhiteFideId "24544418"]
[WhiteEloChange "-4"]
[BlackClock "1:30"]
[BlackElo "1709"]
[BlackCountry "ESP"]
[BlackFideId "24580740"]
[BlackEloChange "4"]

1. d4 {[%clk 1:30:00]} d5 {[%clk 1:30:00]} 2. c4 {[%clk 1:31:00]} e6 {[%clk
1:31:00]} 3. Nf3 {[%clk 1:31:00]} c6 {[%clk 1:29:00]} 4. e3 {[%clk 1:31:00]} Nf6
{[%clk 1:29:00]} 5. Nc3 {[%clk 1:31:00]} Bd6 {[%clk 1:27:00]} 6. Bd3 {[%clk
1:32:00]} Nbd7 {[%clk 1:27:00]} 7. e4 {[%clk 1:32:00]} Bb4 {[%clk 1:26:00]} 8. e5
{[%clk 1:31:00]} Ne4 {[%clk 1:25:00]} 9. Bxe4 {[%clk 1:31:00]} dxe4 {[%clk
1:25:00]} 10. Ng5 {[%clk 1:32:00]} Nb6 {[%clk 1:18:00]} 11. c5 {[%clk 1:31:00]}
Nd5 {[%clk 1:19:00]} 12. Nxe4 {[%clk 1:31:00]} O-O {[%clk 1:18:00]} 13. O-O
{[%clk 1:31:00]} Bxc3 {[%clk 1:18:00]} 14. bxc3 {[%clk 1:31:00]} Qh4 {[%clk
1:16:00]} 15. Qf3 {[%clk 1:31:00]} f5 {[%clk 1:11:00]} 16. Bg5 {[%clk 1:31:00]}
Qxe4 {[%clk 1:11:00]} 17. Qxe4 {[%clk 1:31:00]} fxe4 {[%clk 1:11:00]} 18. c4
{[%clk 1:31:00]} Nf4 {[%clk 1:11:00]} 19. Rae1 {[%clk 1:30:00]} Ng6 {[%clk
1:04:00]} 20. Rxe4 {[%clk 1:30:00]} b6 {[%clk 1:03:00]} 21. Rd1 {[%clk 1:29:00]}
Rb8 {[%clk 1:01:00]} 22. h4 {[%clk 1:27:00]} h6 {[%clk 1:00:00]} 23. h5 {[%clk
1:27:00]} hxg5 {[%clk 1:00:00]} 24. hxg6 {[%clk 1:27:00]} Bd7 {[%clk 1:01:00]}
25. Rg4 {[%clk 1:27:00]} Rf5 {[%clk 1:01:00]} 26. Rb1 {[%clk 1:27:00]} Be8 {[%clk
1:01:00]} 27. a4 {[%clk 1:23:00]} Bxg6 {[%clk 1:00:00]} 28. a5 {[%clk 1:22:00]}
Rf4 {[%clk 0:56:00]} 29. Rxf4 {[%clk 1:20:00]} gxf4 {[%clk 0:56:00]} 30. Rb4
{[%clk 1:20:00]} b5 {[%clk 0:56:00]} 31. Kh2 {[%clk 1:20:00]} Bd3 {[%clk
0:56:00]} 32. cxb5 {[%clk 1:20:00]} Rxb5 {[%clk 0:56:00]} 33. Rxb5 {[%clk
1:20:00]} Bxb5 {[%clk 0:56:00]} 34. Kh3 {[%clk 1:20:00]} Kf7 {[%clk 0:56:00]} 35.
Kg4 {[%clk 1:20:00]} Bf1 {[%clk 0:56:00]} 36. Kxf4 {[%clk 1:20:00]} Bxg2 {[%clk
0:56:00]} 37. Kg5 {[%clk 1:20:00]} Be4 {[%clk 0:56:00]} 38. Kf4 {[%clk 1:20:00]}
Bd5 {[%clk 0:56:00]} 39. Kg5 {[%clk 1:20:00]} Bc4 {[%clk 0:56:00]} 40. f4 {[%clk
1:20:00]} Bd3 {[%clk 0:56:00]} 41. Kg4 {[%clk 1:20:00]} Kg6 {[%clk 0:56:00]} 42.
Kf3 {[%clk 1:20:00]} Kf5 {[%clk 0:56:00]} 43. Ke3 {[%clk 1:20:00]} Be4 {[%clk
0:56:00]} 44. Ke2 {[%clk 1:20:00]} Kxf4 {[%clk 0:56:00]} 45. Kf2 {[%clk 1:20:00]}
g5 {[%clk 0:56:00]} 46. Kg1 {[%clk 1:20:00]} Kg3 {[%clk 0:56:00]} 47. a6 {[%clk
1:20:00]} g4 {[%clk 0:56:00]} 48. Kf1 {[%clk 1:20:00]} Kh2 {[%clk 0:56:00]} 49.
d5 {[%clk 1:20:00]} Bxd5 {[%clk 0:56:00]} 50. Kf2 {[%clk 1:20:00]} g3+ {[%clk
0:56:00]} 0-1

[Event "Campeonato España Sub 10"]
[Site "Salobreña"]
[Date "2017.07.05"]
[Round "4"]
[White "Fuertes Cirauqui, Pablo"]
[Black "Habans Aguerrea, Javier"]
[Result "0-1"]
[Board "4"]
[WhiteClock "1:30"]
[WhiteElo "1415"]
[WhiteCountry "ESP"]
[WhiteFideId "24513598"]
[WhiteEloChange "-4"]
[BlackClock "1:30"]
[BlackElo "1676"]
[BlackCountry "ESP"]
[BlackFideId "24524689"]
[BlackEloChange "4"]

1. e4 {[%clk 1:30:00]} c5 {[%clk 1:30:00]} 2. c3 {[%clk 1:30:00]} d5 {[%clk
1:30:00]} 3. exd5 {[%clk 1:31:00]} Qxd5 {[%clk 1:30:00]} 4. d4 {[%clk 1:30:00]}
cxd4 {[%clk 1:30:00]} 5. cxd4 {[%clk 1:31:00]} Nc6 {[%clk 1:30:00]} 6. Nf3 {[%clk
1:31:00]} Bf5 {[%clk 1:29:00]} 7. Nc3 {[%clk 1:29:00]} Qd8 {[%clk 1:29:00]} 8.
Bc4 {[%clk 1:28:00]} e6 {[%clk 1:28:00]} 9. h3 {[%clk 1:26:00]} Nf6 {[%clk
1:28:00]} 10. O-O {[%clk 1:26:00]} Be7 {[%clk 1:28:00]} 11. Re1 {[%clk 1:24:00]}
O-O {[%clk 1:29:00]} 12. Be3 {[%clk 1:17:00]} Rc8 {[%clk 1:25:00]} 13. Rc1 {[%clk
1:13:00]} Nb4 {[%clk 1:24:00]} 14. Be2 {[%clk 1:11:00]} Nbd5 {[%clk 1:24:00]} 15.
Bg5 {[%clk 1:08:00]} h6 {[%clk 1:19:00]} 16. Bh4 {[%clk 1:02:00]} g5 {[%clk
1:18:00]} 17. Bg3 {[%clk 1:00:00]} Nxc3 {[%clk 1:18:00]} 18. bxc3 {[%clk
1:01:00]} Ne4 {[%clk 1:18:00]} 19. c4 {[%clk 0:59:00]} Ba3 {[%clk 1:18:00]} 20.
Rc2 {[%clk 0:55:00]} Nxg3 {[%clk 1:16:00]} 21. fxg3 {[%clk 0:55:00]} Bxc2 {[%clk
1:15:00]} 22. Qxc2 {[%clk 0:56:00]} Bd6 {[%clk 1:15:00]} 23. Bf1 {[%clk 0:39:00]}
Qf6 {[%clk 1:10:00]} 24. Ne5 {[%clk 0:37:00]} Bxe5 {[%clk 1:10:00]} 25. dxe5
{[%clk 0:38:00]} Qg7 {[%clk 1:09:00]} 26. Re4 {[%clk 0:37:00]} Rfd8 {[%clk
1:08:00]} 27. Be2 {[%clk 0:34:00]} Rc5 {[%clk 1:08:00]} 28. Qb2 {[%clk 0:31:00]}
b6 {[%clk 1:05:00]} 29. h4 {[%clk 0:28:00]} b5 {[%clk 0:59:00]} 30. cxb5 {[%clk
0:23:00]} Rdd5 {[%clk 0:59:00]} 31. Ra4 {[%clk 0:19:25]} Qxe5 {[%clk 0:59:00]}
32. Qxe5 {[%clk 0:17:45]} Rxe5 {[%clk 1:00:00]} 33. Bf1 {[%clk 0:17:59]} Rc1
{[%clk 1:00:00]} 34. Rc4 {[%clk 0:14:56]} Ra1 {[%clk 1:00:00]} 35. Rc2 {[%clk
0:14:39]} Rxb5 {[%clk 1:00:00]} 36. hxg5 {[%clk 0:13:42]} Rf5 {[%clk 0:59:00]}
37. Rf2 {[%clk 0:13:56]} Rxf2 {[%clk 0:59:00]} 38. Kxf2 {[%clk 0:14:19]} Rxa2+
{[%clk 0:59:00]} 39. Kf3 {[%clk 0:14:44]} hxg5 {[%clk 1:00:00]} 40. g4 {[%clk
0:14:59]} f5 {[%clk 0:59:00]} 41. gxf5 {[%clk 0:14:11]} Ra3+ {[%clk 0:59:00]} 42.
Kg4 {[%clk 0:13:55]} exf5+ {[%clk 1:00:00]} 43. Kxf5 {[%clk 0:14:09]} Ra5+ {[%clk
1:00:00]} 44. Ke4 {[%clk 0:14:21]} Kg7 {[%clk 1:00:00]} 45. g4 {[%clk 0:14:30]}
Kf6 {[%clk 1:00:00]} 46. Bd3 {[%clk 0:14:36]} Ra4+ {[%clk 1:01:00]} 47. Kf3
{[%clk 0:14:55]} Rf4+ {[%clk 1:01:00]} 48. Kg3 {[%clk 0:15:19]} a5 {[%clk
1:01:00]} 49. Bb1 {[%clk 0:15:34]} a4 {[%clk 1:02:00]} 50. Ba2 {[%clk 0:16:03]}
a3 {[%clk 1:02:00]} 51. Bb1 {[%clk 0:16:28]} Rb4 {[%clk 1:02:00]} 52. Ba2 {[%clk
0:16:52]} Rb2 {[%clk 1:02:00]} 53. Bc4 {[%clk 0:17:17]} a2 {[%clk 1:02:00]} 54.
Bxa2 {[%clk 0:17:44]} Rxa2 {[%clk 1:03:00]} 55. Kf3 {[%clk 0:18:08]} Ke5 {[%clk
1:03:00]} 56. Ke3 {[%clk 0:18:33]} Ra3+ {[%clk 1:03:00]} 57. Kf2 {[%clk 0:18:57]}
Ke4 {[%clk 1:03:00]} 58. Kg2 {[%clk 0:19:22]} Rf3 {[%clk 1:03:00]} 59. Kh2 {[%clk
0:19:49]} Kf4 {[%clk 1:04:00]} 60. Kg1 {[%clk 0:20:00]} Kg3 {[%clk 1:04:00]} 61.
Kh1 {[%clk 0:20:00]} Rf1# {[%clk 1:04:00]} 0-1

[Event "Campeonato España Sub 10"]
[Site "Salobreña"]
[Date "2017.07.05"]
[Round "4"]
[White "Vergara Anton, Diego"]
[Black "Horcajuelo Rocamora, Martin"]
[Result "1-0"]
[Board "5"]
[WhiteClock "n/a"]
[WhiteElo "1628"]
[WhiteCountry "ESP"]
[WhiteFideId "24524310"]
[WhiteEloChange "5"]
[BlackClock "n/a"]
[BlackElo "1421"]
[BlackCountry "ESP"]
[BlackFideId "24573027"]
[BlackEloChange "-5"]

1. d4 {[%clk 1:30:30]} Nf6 {[%clk 1:30:30]} 2. c4 {[%clk 1:30:30]} c5 {[%clk
1:30:30]} 3. d5 {[%clk 1:30:30]} e6 {[%clk 1:30:30]} 4. Nc3 {[%clk 1:30:30]} exd5
{[%clk 1:30:30]} 5. cxd5 {[%clk 1:30:30]} d6 {[%clk 1:30:30]} 6. e4 {[%clk
1:30:30]} g6 {[%clk 1:30:30]} 7. Nf3 {[%clk 1:30:30]} Bg4 {[%clk 1:30:30]} 8. h3
{[%clk 1:30:30]} Bxf3 {[%clk 1:30:30]} 9. Qxf3 {[%clk 1:30:30]} Bg7 {[%clk
1:30:30]} 10. Bd3 {[%clk 1:30:30]} O-O {[%clk 1:30:30]} 11. O-O {[%clk 1:30:30]}
Re8 {[%clk 1:30:30]} 12. Bf4 {[%clk 1:30:30]} a6 {[%clk 1:30:30]} 13. a4 {[%clk
1:30:30]} b6 {[%clk 1:30:30]} 14. Rfe1 {[%clk 1:30:30]} Qc7 {[%clk 1:30:30]} 15.
Qg3 {[%clk 1:30:30]} Bf8 {[%clk 1:30:30]} 16. e5 {[%clk 1:30:30]} dxe5 {[%clk
1:30:30]} 17. Bxe5 {[%clk 1:30:30]} Qd8 {[%clk 1:30:30]} 18. Bxf6 {[%clk
1:30:30]} Rxe1+ {[%clk 1:30:30]} 19. Rxe1 {[%clk 1:30:30]} Qxf6 {[%clk 1:30:30]}
20. Re8 {[%clk 1:30:30]} Kg7 {[%clk 1:30:30]} 21. Ne4 {[%clk 1:30:30]} Qd4 {[%clk
1:30:30]} 22. Nc3 {[%clk 1:30:30]} Qf6 {[%clk 1:30:30]} 23. Qc7 {[%clk 1:30:30]}
b5 {[%clk 1:30:30]} 24. Qb7 {[%clk 1:30:30]} b4 {[%clk 1:30:30]} 25. Qxa8 {[%clk
1:30:30]} bxc3 {[%clk 1:30:30]} 26. Qxb8 {[%clk 1:30:30]} Bd6 {[%clk 1:30:30]}
27. Qd8 {[%clk 1:30:30]} c4 {[%clk 1:30:30]} 28. Qxf6+ {[%clk 1:30:30]} Kxf6
{[%clk 1:30:30]} 29. Bc2 {[%clk 1:30:30]} cxb2 {[%clk 1:30:30]} 30. Re4 {[%clk
1:30:30]} c3 {[%clk 1:30:30]} 31. Rc4 {[%clk 1:30:30]} Be5 {[%clk 1:30:30]} 32.
f4 {[%clk 1:30:30]} Bd6 {[%clk 1:30:30]} 33. g3 {[%clk 1:30:30]} g5 {[%clk
1:30:30]} 34. fxg5+ {[%clk 1:30:30]} Kxg5 {[%clk 1:30:30]} 35. Rxc3 {[%clk
1:30:30]} Be5 {[%clk 1:30:30]} 36. Rd3 {[%clk 1:30:30]} Kf6 {[%clk 1:30:30]} 37.
Kg2 {[%clk 1:30:30]} Ke7 {[%clk 1:30:30]} 38. Kf3 {[%clk 1:30:30]} f6 {[%clk
1:30:30]} 39. Ke4 {[%clk 1:30:30]} Kd6 {[%clk 1:30:30]} 40. Kf5 {[%clk 1:30:30]}
1-0

[Event "Campeonato España Sub 10"]
[Site "Salobreña"]
[Date "2017.07.05"]
[Round "4"]
[White "Bellver Gorshenin, Maxim"]
[Black "Tudela Gonzalez, Victor"]
[Result "1/2-1/2"]
[Board "6"]
[WhiteClock "1:30"]
[WhiteElo "1595"]
[WhiteCountry "ESP"]
[WhiteFideId "24538671"]
[WhiteEloChange "-5"]
[BlackClock "1:30"]
[BlackElo "1419"]
[BlackCountry "ESP"]
[BlackFideId "24528030"]
[BlackEloChange "5"]

1. e4 {[%clk 1:30:00]} c5 {[%clk 1:30:00]} 2. Nf3 {[%clk 1:31:00]} d6 {[%clk
1:30:00]} 3. d4 {[%clk 1:31:00]} Nf6 {[%clk 1:30:00]} 4. Nc3 {[%clk 1:30:00]}
cxd4 {[%clk 1:27:00]} 5. Nxd4 {[%clk 1:30:00]} e6 {[%clk 1:25:00]} 6. Be2 {[%clk
1:29:00]} a6 {[%clk 1:21:00]} 7. Be3 {[%clk 1:27:00]} Qc7 {[%clk 1:15:00]} 8. O-O
{[%clk 1:26:00]} b5 {[%clk 1:10:00]} 9. a3 {[%clk 1:21:00]} Bb7 {[%clk 1:03:00]}
10. Qd3 {[%clk 1:12:00]} Nbd7 {[%clk 0:52:00]} 11. f3 {[%clk 1:02:00]} Be7 {[%clk
0:45:00]} 12. Rad1 {[%clk 0:58:00]} O-O {[%clk 0:40:00]} 13. Bf2 {[%clk 0:47:00]}
Rfd8 {[%clk 0:31:00]} 14. Qd2 {[%clk 0:41:00]} Rac8 {[%clk 0:24:00]} 15. Qe1
{[%clk 0:37:00]} d5 {[%clk 0:21:00]} 16. exd5 {[%clk 0:29:00]} Nxd5 {[%clk
0:19:31]} 17. Nxd5 {[%clk 0:26:00]} Bxd5 {[%clk 0:17:53]} 18. c3 {[%clk 0:18:49]}
Bd6 {[%clk 0:14:46]} 19. g3 {[%clk 0:15:12]} Bc5 {[%clk 0:12:11]} 20. Rd2 {[%clk
0:12:44]} Qb7 {[%clk 0:11:21]} 21. Kg2 {[%clk 0:10:39]} Nf6 {[%clk 0:10:02]} 22.
h3 {[%clk 0:09:44]} Rc7 {[%clk 0:07:13]} 23. Qd1 {[%clk 0:08:46]} Bb6 {[%clk
0:06:39]} 24. Nc2 {[%clk 0:06:57]} Rcd7 {[%clk 0:06:14]} 25. Nd4 {[%clk 0:04:59]}
e5 {[%clk 0:06:01]} 26. Nc2 {[%clk 0:04:27]} e4 {[%clk 0:05:56]} 27. Bxb6 {[%clk
0:03:55]} Qxb6 {[%clk 0:06:14]} 28. Nd4 {[%clk 0:03:44]} e3 {[%clk 0:05:57]} 29.
Rd3 {[%clk 0:03:50]} Re8 {[%clk 0:06:01]} 30. b3 {[%clk 0:03:30]} Qd8 {[%clk
0:05:20]} 31. Re1 {[%clk 0:03:13]} Qb6 {[%clk 0:05:20]} 1/2-1/2

[Event "Campeonato España Sub 10"]
[Site "Salobreña"]
[Date "2017.07.05"]
[Round "4"]
[White "Llamas Martinez, Pablo"]
[Black "Cereijo Suarez, Nerea"]
[Result "1-0"]
[Board "7"]
[WhiteClock "1:30"]
[WhiteElo "1453"]
[WhiteCountry "ESP"]
[WhiteFideId "24544582"]
[WhiteEloChange "6"]
[BlackClock "1:30"]
[BlackElo "1288"]
[BlackCountry "ESP"]
[BlackFideId "24596124"]
[BlackEloChange "-6"]

1. e4 {[%clk 1:30:00]} c5 {[%clk 1:30:00]} 2. d4 {[%clk 1:31:00]} cxd4 {[%clk
1:31:00]} 3. c3 {[%clk 1:31:00]} dxc3 {[%clk 1:31:00]} 4. Nxc3 {[%clk 1:31:00]}
e6 {[%clk 1:31:00]} 5. Bc4 {[%clk 1:31:00]} a6 {[%clk 1:30:00]} 6. a3 {[%clk
1:27:00]} Nc6 {[%clk 1:29:00]} 7. Nf3 {[%clk 1:24:00]} Nge7 {[%clk 1:27:00]} 8.
O-O {[%clk 1:22:00]} Ng6 {[%clk 1:26:00]} 9. Qe2 {[%clk 1:20:00]} Be7 {[%clk
1:21:00]} 10. b4 {[%clk 1:16:00]} b5 {[%clk 1:17:00]} 11. Bb3 {[%clk 1:15:00]}
O-O {[%clk 1:16:00]} 12. Rd1 {[%clk 1:12:00]} d6 {[%clk 1:13:00]} 13. Be3 {[%clk
1:10:00]} Qc7 {[%clk 1:09:00]} 14. Rac1 {[%clk 1:09:00]} Bb7 {[%clk 1:04:00]} 15.
Nd4 {[%clk 1:07:00]} Nxd4 {[%clk 1:03:00]} 16. Bxd4 {[%clk 1:07:00]} Qc6 {[%clk
0:57:00]} 17. Nd5 {[%clk 1:03:00]} Qe8 {[%clk 0:56:00]} 18. Nc7 {[%clk 1:03:00]}
Qd7 {[%clk 0:56:00]} 19. Nxa8 {[%clk 1:02:00]} Rxa8 {[%clk 0:56:00]} 20. e5
{[%clk 0:59:00]} d5 {[%clk 0:56:00]} 21. Bb6 {[%clk 0:58:00]} Bd8 {[%clk
0:54:00]} 22. Bxd8 {[%clk 0:54:00]} Qxd8 {[%clk 0:55:00]} 23. Qe3 {[%clk
0:52:00]} h6 {[%clk 0:53:00]} 24. g3 {[%clk 0:50:00]} a5 {[%clk 0:52:00]} 25. f4
{[%clk 0:45:00]} axb4 {[%clk 0:52:00]} 26. axb4 {[%clk 0:46:00]} Ra3 {[%clk
0:51:00]} 27. Ra1 {[%clk 0:46:00]} Qa8 {[%clk 0:51:00]} 28. Rxa3 {[%clk 0:46:00]}
Qxa3 {[%clk 0:51:00]} 29. Qc3 {[%clk 0:45:00]} Qa7+ {[%clk 0:50:00]} 30. Qc5
{[%clk 0:45:00]} Qxc5+ {[%clk 0:50:00]} 31. bxc5 {[%clk 0:45:00]} Kf8 {[%clk
0:50:00]} 32. Bc2 {[%clk 0:45:00]} Ne7 {[%clk 0:49:00]} 33. Bd3 {[%clk 0:44:00]}
Bc6 {[%clk 0:49:00]} 34. Rb1 {[%clk 0:44:00]} Ke8 {[%clk 0:49:00]} 35. Bxb5
{[%clk 0:44:00]} Bxb5 {[%clk 0:49:00]} 36. Rxb5 {[%clk 0:44:00]} Kd7 {[%clk
0:50:00]} 37. Rb7+ {[%clk 0:43:00]} Kd8 {[%clk 0:50:00]} 38. Kf2 {[%clk 0:43:00]}
Ke8 {[%clk 0:49:00]} 39. Ke3 {[%clk 0:40:00]} d4+ {[%clk 0:49:00]} 40. Kxd4
{[%clk 0:38:00]} Nc6+ {[%clk 0:50:00]} 41. Kc3 {[%clk 0:38:00]} g6 {[%clk
0:50:00]} 42. Kd3 {[%clk 0:34:00]} h5 {[%clk 0:50:00]} 43. Rc7 {[%clk 0:33:00]}
Nb4+ {[%clk 0:50:00]} 44. Kc4 {[%clk 0:33:00]} Nd5 {[%clk 0:50:00]} 45. Rc6
{[%clk 0:29:00]} Ne7 {[%clk 0:50:00]} 46. Kb5 {[%clk 0:25:00]} Kd8 {[%clk
0:50:00]} 47. Ra6 {[%clk 0:24:00]} Nd5 {[%clk 0:49:00]} 48. Kc6 {[%clk 0:19:56]}
h4 {[%clk 0:49:00]} 49. Kb7 {[%clk 0:16:19]} hxg3 {[%clk 0:49:00]} 50. hxg3
{[%clk 0:16:16]} Nb4 {[%clk 0:48:00]} 51. Rd6+ {[%clk 0:48:00]} Ke7 {[%clk
0:48:00]} 52. c6 {[%clk 0:16:10]} Nxc6 {[%clk 0:49:00]} 53. Kxc6 {[%clk 0:16:10]}
1-0

[Event "Campeonato España Sub 10"]
[Site "Salobreña"]
[Date "2017.07.05"]
[Round "4"]
[White "Domene Mulyukov, Alexander"]
[Black "Fernandez Rosado, Roberto"]
[Result "0-1"]
[Board "8"]
[WhiteClock "1:30"]
[WhiteElo "1326"]
[WhiteCountry "ESP"]
[WhiteFideId "24589802"]
[WhiteEloChange "-7"]
[BlackClock "1:30"]
[BlackElo "1436"]
[BlackCountry "ESP"]
[BlackFideId "24594016"]
[BlackEloChange "7"]

1. e4 {[%clk 1:30:00]} e5 {[%clk 1:30:00]} 2. Nf3 {[%clk 1:31:00]} Nc6 {[%clk
1:31:00]} 3. Bc4 {[%clk 1:31:00]} Nf6 {[%clk 1:31:00]} 4. d4 {[%clk 1:32:00]}
exd4 {[%clk 1:30:00]} 5. O-O {[%clk 1:32:00]} Be7 {[%clk 1:30:00]} 6. e5 {[%clk
1:32:00]} Ne4 {[%clk 1:30:00]} 7. Re1 {[%clk 1:32:00]} d5 {[%clk 1:30:00]} 8. Bb3
{[%clk 1:29:00]} O-O {[%clk 1:30:00]} 9. Bf4 {[%clk 1:28:00]} Bg4 {[%clk
1:29:00]} 10. h3 {[%clk 1:25:00]} Bh5 {[%clk 1:29:00]} 11. a3 {[%clk 1:25:00]}
Bh4 {[%clk 1:28:00]} 12. Rf1 {[%clk 1:24:00]} Re8 {[%clk 1:27:00]} 13. Qd3 {[%clk
1:23:00]} Nc5 {[%clk 1:26:00]} 14. Qe2 {[%clk 1:22:00]} d3 {[%clk 1:26:00]} 15.
Qe3 {[%clk 1:21:00]} d4 {[%clk 1:26:00]} 16. Qe1 {[%clk 1:14:00]} Bxf3 {[%clk
1:26:00]} 17. gxf3 {[%clk 1:14:00]} Nxe5 {[%clk 1:25:00]} 18. Bxe5 {[%clk
1:12:00]} Qg5+ {[%clk 1:26:00]} 19. Kh2 {[%clk 1:10:00]} Rxe5 {[%clk 1:25:00]}
20. Qd2 {[%clk 1:08:00]} Qf5 {[%clk 1:23:00]} 21. Rg1 {[%clk 1:06:00]} Re2 {[%clk
1:21:00]} 22. Qd1 {[%clk 1:04:00]} Rxf2+ {[%clk 1:22:00]} 23. Kh1 {[%clk
1:04:00]} Qxh3# {[%clk 1:22:00]} 0-1